NBA assist leaders - Statistics

General Stats
  • This quiz has been taken 23 times
  • The average score is 11 of 15
Answer Stats
Hint Answer % Correct
15,806 John Stockton
95%
11,240+ LeBron James
95%
10,141 Magic Johnson
95%
12,129+ Chris Paul
90%
10,335 Steve Nash
85%
9,061 Isiah Thomas
80%
12,091 Jason Kidd
80%
9,887 Oscar Robertson
80%
9,635+ Russell Westbrook
80%
7,856+ James Harden
75%
10,334 Marc Jackson
55%
8,524 Andre Miller
45%
7,584 Rajon Rondo
45%
8,966 Gary Payton
40%
7,987 Rod Strickland
30%
No matching quizzes found
Score Distribution
Percent of People with Each Score
Percentile by Number Answered
Your Score History
You have not taken this quiz